[Event "ChessOrg Schachfestival 2025"]
[Site "Bad Woerishofen Senioren-Open"]
[Date "2025.03.22"]
[Round "2.40"]
[White "Kumeth, Hartmut"]
[Black "Neese, Hans-Joachim"]
[Result "1/2-1/2"]
[Annotator "wempe"]
[WhiteElo "1785"]
[BlackElo "2015"]
[WhiteFideId "-1"]
[BlackFideId "-1"]
[PlyCount "61"]
[GameId "2320852182950233"]
[EventDate "2025.03.21"]

1. Nf3 d5 2. d4 Nf6 3. e3 Bg4 4. Be2 Nbd7 5. h3 Bh5 6. O-O e6 7. Ne5 Bxe2 8. Qxe2 Nxe5 9. dxe5 Nd7 10. f4 g6 11. Nd2 Bg7 12. b3 c5 13. Bb2 O-O 14. c4 Nb6 15. Rad1 Qc7 16. Nf3 Rad8 17. g4 dxc4 18. bxc4 Rxd1 19. Rxd1 Rd8 20. Rxd8+ Qxd8 21. Qd2 Qxd2 22. Nxd2 Bf8 23. Kf2 Be7 24. Ke2 Kf8 25. Kd3 Ke8 26. Ne4 Kd7 27. Bc3 Kc6 28. Be1 Nd7 29. h4 h5 30. g5 a6 31. a4 1/2-1/2

[Event "ChessOrg Schachfestival 2025"]
[Site "Bad Woerishofen Senioren-Open"]
[Date "2025.03.22"]
[Round "2.41"]
[White "Hinz, Holger"]
[Black "Kievelitz, Bernd"]
[Result "1-0"]
[Annotator "wempe"]
[WhiteElo "2006"]
[BlackElo "1814"]
[WhiteFideId "-1"]
[BlackFideId "-1"]
[PlyCount "115"]
[GameId "2320852547465570"]
[EventDate "2025.03.21"]

1. e4 c5 2. Nf3 e6 3. d3 d6 4. g3 Qc7 5. Bg2 Nf6 6. O-O Be7 7. Re1 Nbd7 8. c3 O-O 9. d4 Rd8 10. a4 a6 11. Nbd2 Rb8 12. a5 b5 13. axb6 Nxb6 14. Qe2 c4 15. e5 Ne8 16. exd6 Nxd6 17. Ne5 Bb7 18. Bxb7 Qxb7 19. Ndxc4 Nbxc4 20. Nxc4 Nb5 21. Qe4 Qxe4 22. Rxe4 Nc7 23. Bf4 Rdc8 24. Re2 g5 25. Bd6 Bxd6 26. Nxd6 Rd8 27. Ne4 h6 28. Nc5 Rb6 29. Kf1 Rdd6 30. Ra2 f5 31. Re1 Kf7 32. Rea1 Kf6 33. Nd3 Rd8 34. Nb4 Rdd6 35. Ke2 e5 36. dxe5+ Kxe5 37. Nd3+ Kf6 38. c4 Rdc6 39. Rc1 Ne6 40. Rc3 Nc5 41. Nxc5 Rxc5 42. Kd3 Rd6+ 43. Kc2 a5 44. b3 Rd4 45. Rd3 Ke5 46. Kc3 Re4 47. Rad2 Re1 48. Rd5+ Rxd5 49. Rxd5+ Ke6 50. Rxa5 Re2 51. Ra6+ Ke5 52. Rxh6 Rxf2 53. c5 f4 54. gxf4+ gxf4 55. Kb4 Rc2 56. Kb5 f3 57. Rh8 Kd4 58. c6 1-0

[Event "ChessOrg Schachfestival 2025"]
[Site "Bad Woerishofen Senioren-Open"]
[Date "2025.03.22"]
[Round "2.42"]
[White "Schestak, Herbert"]
[Black "Hehn, Hartmut"]
[Result "0-1"]
[Annotator "wempe"]
[WhiteElo "1793"]
[BlackElo "2004"]
[WhiteFideId "-1"]
[BlackFideId "-1"]
[PlyCount "40"]
[GameId "2320853975986539"]
[EventDate "2025.03.21"]

1. d4 Nf6 2. Nf3 c5 3. c3 e6 4. Bf4 d5 5. e3 Nc6 6. Nbd2 Bd7 7. Ne5 Nxe5 8. Bxe5 a5 9. a4 Bc6 10. Be2 Nd7 11. Bg3 Be7 12. O-O O-O 13. f4 f6 14. Bf3 f5 15. b3 Nf6 16. Bh4 Qd7 17. Qc2 Rac8 18. c4 cxd4 19. exd4 dxc4 20. Nxc4 Bxf3 0-1

[Event "ChessOrg Schachfestival 2025"]
[Site "Bad Woerishofen Senioren-Open"]
[Date "2025.03.22"]
[Round "2.43"]
[White "Scharrer, Udo"]
[Black "Mattavelli, Italo"]
[Result "1-0"]
[Annotator "wempe"]
[WhiteElo "2003"]
[BlackElo "1748"]
[WhiteFideId "-1"]
[BlackFideId "-1"]
[PlyCount "55"]
[GameId "2320854442803572"]
[EventDate "2025.03.21"]

1. d4 d5 2. c4 e6 3. Nc3 c6 4. cxd5 exd5 5. Bf4 Bd6 6. Bxd6 Qxd6 7. e3 Nf6 8. Bd3 Nbd7 9. Nge2 Nf8 10. Qc2 Ng6 11. O-O-O Ng4 12. Ng3 Bd7 13. h3 Nf6 14. Nf5 Bxf5 15. Bxf5 Ne7 16. Bd3 O-O-O 17. Kb1 Kb8 18. Na4 Nd7 19. Rc1 Rc8 20. a3 Rc7 21. b4 a5 22. Nc5 axb4 23. axb4 Nb6 24. Qa2 Nec8 25. Rc2 Qe7 26. Qa5 Nc4 27. Bxc4 dxc4 28. Ra2 1-0

[Event "ChessOrg Schachfestival 2025"]
[Site "Bad Woerishofen Senioren-Open"]
[Date "2025.03.23"]
[Round "3.1"]
[White "Toenniges, Thomas"]
[Black "Pirrot, Dieter"]
[Result "0-1"]
[Annotator "wempe"]
[WhiteElo "2047"]
[BlackElo "2311"]
[WhiteFideId "-1"]
[WhiteFideId "-1"]
[PlyCount "64"]
[GameId "2242252194070641"]
[EventDate "2025.03.21"]

1. e4 e6 2. d4 d5 3. Nd2 Nc6 4. c3 e5 5. exd5 Qxd5 6. Ngf3 exd4 7. Bc4 Qh5 8. cxd4 Nf6 9. O-O Be6 10. Qb3 O-O-O 11. Bxe6+ fxe6 12. Qxe6+ Kb8 13. Nb3 Bd6 14. Qc4 g5 15. Qb5 Rhg8 16. Na5 Nxa5 17. Qxa5 c5 18. Be3 Ng4 19. h3 Nf6 20. Ne5 g4 21. h4 Qxh4 22. g3 Qh3 23. Qb5 Ka8 24. dxc5 Nh5 25. c6 Rg7 26. Qa5 b6 27. Qd5 Bc7 28. Nd7 Nxg3 29. Rfe1 Nf1 30. Bf4 Nh2 31. Bxh2 Bxh2+ 32. Kh1 Bg3+ 0-1

[Event "ChessOrg Schachfestival 2025"]
[Site "Bad Woerishofen Senioren-Open"]
[Date "2025.03.23"]
[Round "3.2"]
[White "Kristensen, Leif"]
[Black "Higatsberger, Michael"]
[Result "1-0"]
[Annotator "wempe"]
[WhiteElo "2310"]
[BlackElo "2069"]
[WhiteFideId "-1"]
[WhiteFideId "-1"]
[PlyCount "71"]
[GameId "2242252432101504"]
[EventDate "2025.03.21"]

1. c4 e6 2. g3 d5 3. Nf3 Nf6 4. Bg2 Be7 5. O-O O-O 6. d4 dxc4 7. Nbd2 b5 8. a4 c6 9. Ne5 Nd5 10. Ne4 Bb7 11. Nc5 Bxc5 12. dxc5 f6 13. Nf3 Qe8 14. Nd4 Rf7 15. Bd2 g6 16. e4 Nc7 17. e5 f5 18. axb5 Nxb5 19. Nf3 Rd7 20. Qc2 Ba6 21. Rfd1 Nc7 22. Bf1 Rd5 23. Ba5 Rxd1 24. Rxd1 Nd5 25. Bxc4 Bxc4 26. Qxc4 Nd7 27. Bc3 Qb8 28. Nd4 Nxe5 29. Qe2 Nxc3 30. bxc3 Nf7 31. Nxc6 Qe8 32. Qa6 Kg7 33. Nd4 e5 34. Ne6+ Kh6 35. Qc4 Qe7 36. Rd7 1-0

[Event "ChessOrg Schachfestival 2025"]
[Site "Bad Woerishofen Senioren-Open"]
[Date "2025.03.23"]
[Round "3.3"]
[White "Remensberger, Hansuli"]
[Black "Kindtner, Ulrich"]
[Result "0-1"]
[Annotator "wempe"]
[WhiteElo "2034"]
[BlackElo "2157"]
[WhiteFideId "-1"]
[WhiteFideId "-1"]
[PlyCount "92"]
[GameId "2242254952370334"]
[EventDate "2025.03.21"]

1. c4 g6 2. e4 Bg7 3. Ne2 c5 4. d4 cxd4 5. Nxd4 Nc6 6. Be3 Nf6 7. Nc3 Ng4 8. Qxg4 Nxd4 9. Qd1 Ne6 10. Qd2 O-O 11. Be2 b6 12. O-O Bb7 13. Rad1 d6 14. f3 f5 15. exf5 Rxf5 16. Bd3 Rf7 17. Be4 Bxc3 18. Qxc3 Bxe4 19. fxe4 Rxf1+ 20. Rxf1 Qc7 21. Bh6 Qc5+ 22. Kh1 Qh5 23. Qd2 Rc8 24. Qd5 Qxd5 25. exd5 Ng7 26. b3 Nf5 27. Bg5 Rf8 28. Kg1 Rf7 29. Re1 h6 30. Bd2 Kh7 31. Re4 g5 32. Be1 h5 33. g3 g4 34. Bd2 Kg8 35. Kg2 Kf8 36. b4 Ke8 37. a4 Kd7 38. h3 Rg7 39. h4 Rg6 40. Rf4 Rf6 41. Re4 e5 42. dxe6+ Rxe6 43. Rxe6 Kxe6 44. Kf2 Ke5 45. a5 Kd4 46. axb6 axb6 0-1

[Event "ChessOrg Schachfestival 2025"]
[Site "Bad Woerishofen Senioren-Open"]
[Date "2025.03.23"]
[Round "3.4"]
[White "Luciani, Carlo"]
[Black "Bruchmann, Norbert"]
[Result "1-0"]
[Annotator "wempe"]
[WhiteElo "2149"]
[BlackElo "2034"]
[WhiteFideId "-1"]
[WhiteFideId "-1"]
[PlyCount "63"]
[GameId "2242254887915668"]
[EventDate "2025.03.21"]

1. e4 e6 2. d4 d5 3. Nd2 c5 4. exd5 exd5 5. Ngf3 a6 6. Be2 Nf6 7. O-O Be7 8. dxc5 Bxc5 9. Nb3 Ba7 10. Bg5 O-O 11. Nfd4 Nc6 12. c3 Qd6 13. Bf3 Nxd4 14. Nxd4 Ne4 15. Be3 Re8 16. Re1 Bb8 17. g3 Bd7 18. Qb3 b5 19. Rad1 Ba7 20. Nc2 Bxe3 21. Nxe3 Nf6 22. Nxd5 Rxe1+ 23. Rxe1 Nxd5 24. Qxd5 Qxd5 25. Bxd5 Rd8 26. b3 Kf8 27. c4 bxc4 28. bxc4 Rc8 29. Rb1 Rc5 30. Rb6 Ra5 31. Rb7 Ke7 32. Bc6 1-0

[Event "ChessOrg Schachfestival 2025"]
[Site "Bad Woerishofen Senioren-Open"]
[Date "2025.03.23"]
[Round "3.5"]
[White "Babrikowski, Peter"]
[Black "Matzat, Andre"]
[Result "0-1"]
[Annotator "wempe"]
[WhiteElo "2123"]
[BlackElo "2017"]
[WhiteFideId "-1"]
[WhiteFideId "-1"]
[PlyCount "62"]
[GameId "2242267324502191"]
[EventDate "2025.03.21"]

1. e4 c5 2. c3 Nf6 3. e5 Nd5 4. d4 cxd4 5. Qxd4 e6 6. Nf3 Nc6 7. Qe4 f5 8. Qe2 b5 9. g3 a5 10. Bg2 Be7 11. O-O Ba6 12. Re1 O-O 13. Nd4 Nxd4 14. cxd4 b4 15. Qh5 Rc8 16. Nd2 a4 17. Nf1 Rc2 18. Bxd5 exd5 19. Ne3 Rc6 20. Nxf5 Bd3 21. Nxe7+ Qxe7 22. Bg5 Qe6 23. Rac1 Qf5 24. f4 Rxc1 25. Rxc1 Qe4 26. Qd1 Qxd4+ 27. Kg2 Be4+ 28. Kh3 Qxb2 29. Qg1 Qe2 30. Be7 Qh5+ 31. Bh4 Qf5+ 0-1

[Event "ChessOrg Schachfestival 2025"]
[Site "Bad Woerishofen Senioren-Open"]
[Date "2025.03.23"]
[Round "3.6"]
[White "Astengo, Corrado"]
[Black "Tscharotschkin, Michael"]
[Result "0-1"]
[Annotator "wempe"]
[WhiteElo "2013"]
[BlackElo "2080"]
[WhiteFideId "-1"]
[WhiteFideId "-1"]
[PlyCount "80"]
[GameId "2242268052828355"]
[EventDate "2025.03.21"]

1. e4 c6 2. d4 d5 3. exd5 cxd5 4. c4 Nf6 5. Nc3 e6 6. Nf3 Be7 7. c5 b6 8. cxb6 Qxb6 9. Bd3 O-O 10. O-O Ba6 11. Bxa6 Qxa6 12. Bg5 h6 13. Bh4 Qb7 14. Qe2 Ne4 15. Bxe7 Nxc3 16. bxc3 Qxe7 17. Ne5 Rc8 18. Rfc1 Nc6 19. Nxc6 Rxc6 20. c4 Rxc4 21. Rxc4 dxc4 22. Qxc4 Rd8 23. h3 Qd6 24. Rd1 Qd5 25. Qxd5 Rxd5 26. f4 Kf8 27. Kf2 Ra5 28. Rd2 Ke7 29. Rb2 g5 30. Kf3 f5 31. fxg5 hxg5 32. Ke3 Ra3+ 33. Kf2 Kd6 34. Rd2 Kd5 35. Re2 Kd6 36. Rd2 Ra4 37. Ke3 Kd5 38. Rb2 a6 39. Rb6 Rxa2 40. g3 Ra4 0-1

[Event "ChessOrg Schachfestival 2025"]
[Site "Bad Woerishofen Senioren-Open"]
[Date "2025.03.23"]
[Round "3.7"]
[White "Kierzek, Matthias"]
[Black "Scholl, Martin"]
[Result "1-0"]
[Annotator "wempe"]
[WhiteElo "2078"]
[BlackElo "2015"]
[WhiteFideId "-1"]
[WhiteFideId "-1"]
[PlyCount "77"]
[GameId "2242270002757840"]
[EventDate "2025.03.21"]

1. d4 Nf6 2. c4 e6 3. Nf3 d5 4. Nc3 Be7 5. Bf4 O-O 6. e3 b6 7. Bd3 dxc4 8. Bxc4 Bb7 9. O-O a6 10. a4 Nbd7 11. Qe2 Nd5 12. Bg3 Nxc3 13. bxc3 c6 14. e4 b5 15. Bd3 Nb6 16. Bc2 Nc4 17. Ne5 Nxe5 18. Bxe5 Rc8 19. Rfd1 Bf6 20. Bxf6 Qxf6 21. e5 Qe7 22. Rdb1 f6 23. exf6 Qxf6 24. Be4 g6 25. axb5 axb5 26. Ra7 Rf7 27. Bf3 Rcc7 28. Re1 b4 29. Qc4 bxc3 30. Rxe6 Qf5 31. Re8+ Kg7 32. Qxc3 Rf6 33. d5 Rd7 34. d6 Qb1+ 35. Re1 Qb6 36. Qa1 Qc5 37. Re6 Qf5 38. Re7+ Kh6 39. Rxd7 1-0

[Event "ChessOrg Schachfestival 2025"]
[Site "Bad Woerishofen Senioren-Open"]
[Date "2025.03.23"]
[Round "3.8"]
[White "Lehmann, Edwin"]
[Black "Siebenhaar, Erich"]
[Result "1-0"]
[Annotator "wempe"]
[WhiteElo "1961"]
[BlackElo "2076"]
[WhiteFideId "-1"]
[WhiteFideId "-1"]
[PlyCount "72"]
[GameId "2242270551810266"]
[EventDate "2025.03.21"]

1. f4 b6 2. Nf3 Bb7 3. e3 g6 4. d4 Bg7 5. Bd3 e6 6. O-O d6 7. Nbd2 Ne7 8. Qe1 Nd7 9. b3 c5 10. Bb2 Qc7 11. c4 O-O 12. Rd1 Rae8 13. Qf2 a6 14. Ne4 cxd4 15. exd4 d5 16. cxd5 exd5 17. Neg5 Qxf4 18. Bc1 Qd6 19. Nxh7 Nc6 20. Nxf8 Nxf8 21. Kh1 Bc8 22. Ng5 f6 23. Bf4 Qd8 24. Nf3 b5 25. Qg3 Ne7 26. Bd6 Nf5 27. Bxf5 Bxf5 28. Nh4 Be4 29. Bxf8 Rxf8 30. Nxg6 Rf7 31. Nf4 Qd7 32. Rf2 f5 33. Ng6 Rf6 34. Rc1 Qe8 35. Rc8 Qxc8 36. Ne7+ Kf7 1-0

[Event "ChessOrg Schachfestival 2025"]
[Site "Bad Woerishofen Senioren-Open"]
[Date "2025.03.23"]
[Round "3.9"]
[White "Inhoven, Stefan"]
[Black "Tolhuizen, Ludo"]
[Result "1/2-1/2"]
[Annotator "wempe"]
[WhiteElo "2072"]
[BlackElo "1926"]
[WhiteFideId "-1"]
[WhiteFideId "-1"]
[PlyCount "30"]
[GameId "2242271306088679"]
[EventDate "2025.03.21"]

1. e4 c5 2. Nc3 Nc6 3. Nge2 Nd4 4. Nxd4 cxd4 5. Nb5 e5 6. Qh5 d6 7. Bc4 g6 8. Qf3 Nf6 9. d3 Bg4 10. Qg3 a6 11. Na3 Bd7 12. O-O Nh5 13. Qf3 Qe7 14. Bd5 Be6 15. Bb3 Bg7 1/2-1/2

[Event "ChessOrg Schachfestival 2025"]
[Site "Bad Woerishofen Senioren-Open"]
[Date "2025.03.23"]
[Round "3.10"]
[White "Rodgaard, John"]
[Black "Sickenberger, Manfred"]
[Result "1-0"]
[Annotator "wempe"]
[WhiteElo "2257"]
[BlackElo "1922"]
[WhiteFideId "-1"]
[WhiteFideId "-1"]
[PlyCount "69"]
[GameId "2242280442085855"]
[EventDate "2025.03.21"]

1. c4 c6 2. d4 d5 3. Nf3 Nf6 4. Nbd2 Nbd7 5. g3 e6 6. Bg2 Bd6 7. O-O b6 8. Qc2 Bb7 9. e4 dxe4 10. Nxe4 Nxe4 11. Qxe4 Qc7 12. Qe2 O-O 13. Be3 Rfe8 14. Rad1 Rad8 15. b3 a5 16. Qc2 f6 17. c5 Bf8 18. Rfe1 bxc5 19. dxc5 e5 20. Nd2 g6 21. Ne4 Kg7 22. Qc3 Nb8 23. f4 Na6 24. fxe5 fxe5 25. a3 Rd5 26. b4 h6 27. Nf2 Rxd1 28. Rxd1 axb4 29. axb4 Kh7 30. Ne4 Bg7 31. Nd6 Rb8 32. Be4 Bc8 33. Rf1 Be6 34. Bxg6+ Kh8 35. Bxh6 1-0

[Event "ChessOrg Schachfestival 2025"]
[Site "Bad Woerishofen Senioren-Open"]
[Date "2025.03.23"]
[Round "3.11"]
[White "Baum, Bernd"]
[Black "Hinz, Holger"]
[Result "1-0"]
[Annotator "wempe"]
[WhiteElo "2234"]
[BlackElo "2006"]
[WhiteFideId "-1"]
[WhiteFideId "-1"]
[PlyCount "93"]
[GameId "2242281583297001"]
[EventDate "2025.03.21"]

1. Nf3 Nf6 2. c4 g6 3. b3 Bg7 4. Bb2 O-O 5. g3 c6 6. Bg2 d5 7. O-O Nbd7 8. Qc2 Re8 9. Nc3 e5 10. cxd5 cxd5 11. Nb5 Nb6 12. Bxe5 Bf5 13. Qb2 Rxe5 14. Nxe5 Ng4 15. d4 Nxe5 16. dxe5 Qe8 17. Nd4 Bxe5 18. e3 h5 19. Qd2 Qd7 20. Rac1 Bh3 21. Rfd1 Bxg2 22. Kxg2 h4 23. Nf3 h3+ 24. Kg1 Bd6 25. Qd4 Re8 26. a4 Re4 27. Qd3 Qf5 28. Nd2 Ba3 29. Rc2 Bb4 30. Nxe4 Qf3 31. Qf1 Qxe4 32. Rcc1 Qe6 33. Rd4 Ba3 34. Rc2 Nd7 35. Qd1 Nf6 36. b4 a5 37. bxa5 g5 38. Qd3 Bd6 39. Rd2 Be5 40. Rxd5 Nxd5 41. Qxd5 Qf5 42. Qxb7 Bc3 43. Rd5 Qf6 44. Qc8+ Kg7 45. Qxh3 Be1 46. Qf5 Qa1 47. Qxg5+ 1-0

[Event "ChessOrg Schachfestival 2025"]
[Site "Bad Woerishofen Senioren-Open"]
[Date "2025.03.24"]
[Round "4.1"]
[White "Pirrot, Dieter"]
[Black "Kierzek, Matthias"]
[Result "1-0"]
[Annotator "wempe"]
[WhiteElo "2311"]
[BlackElo "2078"]
[WhiteFideId "-1"]
[WhiteFideId "-1"]
[PlyCount "49"]
[GameId "2242297189996154"]
[EventDate "2025.03.21"]

1. e4 c6 2. d4 d5 3. e5 Bf5 4. h4 h5 5. Bd3 Bxd3 6. Qxd3 Qa5+ 7. Nd2 e6 8. Ne2 Nh6 9. Ng3 g6 10. O-O c5 11. c4 cxd4 12. cxd5 Qxd5 13. Nde4 Be7 14. Bg5 Nc6 15. Bxe7 Kxe7 16. Qa3+ Kd8 17. Rac1 Qxe5 18. f4 Qc7 19. Rfd1 Qe7 20. Nd6 Qd7 21. Nge4 Nf5 22. Nc5 Qc7 23. Ncxb7+ Kd7 24. Nc5+ Ke7 25. Nxf5+ 1-0

[Event "ChessOrg Schachfestival 2025"]
[Site "Bad Woerishofen Senioren-Open"]
[Date "2025.03.24"]
[Round "4.3"]
[White "Kindtner, Ulrich"]
[Black "Lehmann, Edwin"]
[Result "1-0"]
[Annotator "wempe"]
[WhiteElo "2157"]
[BlackElo "1961"]
[WhiteFideId "-1"]
[WhiteFideId "-1"]
[PlyCount "65"]
[GameId "2242298109458092"]
[EventDate "2025.03.21"]

1. e4 d5 2. exd5 Qxd5 3. Nc3 Qa5 4. d4 Nf6 5. Nf3 Bf5 6. Ne5 c6 7. g4 Be4 8. Nc4 Qc7 9. Nxe4 Nxe4 10. Qf3 Nd6 11. Bf4 Nd7 12. O-O-O Nb6 13. Ne5 e6 14. c4 f6 15. c5 fxe5 16. dxe5 Nd5 17. cxd6 Qf7 18. Rxd5 exd5 19. Qe3 Qe6 20. g5 d4 21. Qxd4 Qxa2 22. Kc2 Qd5 23. Qxd5 cxd5 24. e6 a6 25. Bg2 Rc8+ 26. Kb3 Rc6 27. e7 g6 28. Be5 Rg8 29. Bxd5 Rc5 30. Bxg8 Rxe5 31. exf8=Q+ Kxf8 32. Rc1 Kxg8 33. d7 1-0

[Event "ChessOrg Schachfestival 2025"]
[Site "Bad Woerishofen Senioren-Open"]
[Date "2025.03.24"]
[Round "4.4"]
[White "Matzat, Andre"]
[Black "Luciani, Carlo"]
[Result "0-1"]
[Annotator "wempe"]
[WhiteElo "2017"]
[BlackElo "2149"]
[WhiteFideId "-1"]
[WhiteFideId "-1"]
[PlyCount "48"]
[GameId "2242298470573749"]
[EventDate "2025.03.21"]

1. d4 c5 2. d5 Nf6 3. Nc3 d6 4. e4 g6 5. Nf3 Bg7 6. Bc4 O-O 7. O-O Na6 8. h3 Nc7 9. Re1 Nd7 10. Bf4 Ne5 11. Nxe5 dxe5 12. Be3 b6 13. a4 Ne8 14. Qd2 Nd6 15. Bf1 Bd7 16. Bg5 a6 17. h4 h5 18. f4 f6 19. fxe5 fxg5 20. e6 Bd4+ 21. Kh1 Be8 22. Qxg5 Rf2 23. e5 Rf5 24. Qg3 Bf2 0-1

[Event "ChessOrg Schachfestival 2025"]
[Site "Bad Woerishofen Senioren-Open"]
[Date "2025.03.24"]
[Round "4.5"]
[White "Rodgaard, John"]
[Black "Larem, Ewald"]
[Result "1-0"]
[Annotator "wempe"]
[WhiteElo "2257"]
[BlackElo "2019"]
[WhiteFideId "-1"]
[WhiteFideId "-1"]
[PlyCount "103"]
[GameId "2242298925467326"]
[EventDate "2025.03.21"]

1. c4 e6 2. g3 d5 3. Bg2 Nf6 4. Nf3 Be7 5. d4 O-O 6. O-O b6 7. b3 Bb7 8. Bb2 Nbd7 9. Nc3 c5 10. cxd5 Nxd5 11. Nxd5 Bxd5 12. Qd3 cxd4 13. Bxd4 Nc5 14. Qe3 Rc8 15. Rfd1 Qc7 16. Qe5 Qxe5 17. Nxe5 Bxg2 18. Kxg2 Rfd8 19. Rac1 Kf8 20. Be3 Rxd1 21. Rxd1 Ke8 22. Rc1 f6 23. Nd3 Kd7 24. Bxc5 Bxc5 25. Kf3 Rc6 26. e4 Bd6 27. Rxc6 Kxc6 28. Ke2 h5 29. f4 b5 30. Kf3 a5 31. h3 a4 32. g4 hxg4+ 33. hxg4 g6 34. e5 fxe5 35. fxe5 axb3 36. axb3 Bc7 37. Ke4 g5 38. Ne1 Kc5 39. Nf3 Bd8 40. Nd4 Be7 41. Nxe6+ Kb4 42. Nd4 Kc5 43. Nf5 Bd8 44. e6 Kb4 45. e7 Bxe7 46. Nxe7 Kxb3 47. Kd3 Kb4 48. Nc6+ Kc5 49. Nd4 b4 50. Ne6+ Kd5 51. Nxg5 Ke5 52. Nh3 1-0

[Event "ChessOrg Schachfestival 2025"]
[Site "Bad Woerishofen Senioren-Open"]
[Date "2025.03.24"]
[Round "4.6"]
[White "Waltenberger, Udo"]
[Black "Baum, Bernd"]
[Result "0-1"]
[Annotator "wempe"]
[WhiteElo "2019"]
[BlackElo "2234"]
[WhiteFideId "-1"]
[WhiteFideId "-1"]
[PlyCount "70"]
[GameId "2242299628226247"]
[EventDate "2025.03.21"]

1. Nf3 d5 2. g3 g6 3. Bg2 Bg7 4. d4 c6 5. O-O Nf6 6. c4 dxc4 7. Ne5 Ng4 8. Nf3 O-O 9. a4 Na6 10. Na3 c5 11. h3 Nf6 12. Nxc4 Be6 13. Nfe5 Qc8 14. Qb3 Rb8 15. dxc5 Bxh3 16. Bxh3 Qxh3 17. Qa3 Nd5 18. Qf3 Qe6 19. Nd3 Rbc8 20. Ne3 Rfd8 21. Nxd5 Qxd5 22. Qxd5 Rxd5 23. Be3 e5 24. b4 e4 25. Nf4 Rd7 26. Rab1 Bc3 27. Rb3 Bxb4 28. Rfb1 Bxc5 29. Rxb7 Rxb7 30. Rxb7 Bxe3 31. fxe3 Rc7 32. Rb5 Kg7 33. Nd5 Rc5 34. Kf2 h5 35. Ne7 Rxb5 0-1

[Event "ChessOrg Schachfestival 2025"]
[Site "Bad Woerishofen Senioren-Open"]
[Date "2025.03.24"]
[Round "4.7"]
[White "Wegemund, Hubert"]
[Black "Chan, Peng Kong"]
[Result "1/2-1/2"]
[Annotator "wempe"]
[WhiteElo "2018"]
[BlackElo "2082"]
[WhiteFideId "-1"]
[WhiteFideId "-1"]
[PlyCount "50"]
[GameId "2242304188131024"]
[EventDate "2025.03.21"]

1. e4 c5 2. Nf3 e6 3. d4 cxd4 4. Nxd4 a6 5. Nc3 b5 6. Bd3 Qb6 7. Nb3 Qc7 8. O-O Bb7 9. Qe2 d6 10. f4 Nd7 11. a4 b4 12. Na2 Ngf6 13. Bd2 d5 14. exd5 Nxd5 15. f5 e5 16. c3 bxc3 17. Nxc3 Qb6+ 18. Kh1 Qxb3 19. Bc4 Nxc3 20. Bxc3 Qb6 21. Bxe5 Nxe5 22. Qxe5+ Be7 23. Rae1 O-O 24. Qxe7 Qc6 25. Rf2 Qxc4 1/2-1/2

[Event "ChessOrg Schachfestival 2025"]
[Site "Bad Woerishofen Senioren-Open"]
[Date "2025.03.24"]
[Round "4.8"]
[White "Inhoven, Stefan"]
[Black "Schwalb, Manfred"]
[Result "1/2-1/2"]
[Annotator "wempe"]
[WhiteElo "2072"]
[BlackElo "1988"]
[WhiteFideId "-1"]
[WhiteFideId "-1"]
[PlyCount "63"]
[GameId "2242304929162979"]
[EventDate "2025.03.21"]

1. d4 Nf6 2. Nc3 d6 3. f4 g6 4. e4 Bg7 5. Nf3 c6 6. Bd3 Qc7 7. e5 dxe5 8. dxe5 Nfd7 9. Be3 Nb6 10. Qe2 Nd5 11. Bd2 Nxc3 12. Bxc3 Bg4 13. h3 Bxf3 14. Qxf3 Nd7 15. O-O-O e6 16. Bb4 Bf8 17. Bxf8 Rxf8 18. Qf2 Qa5 19. Bc4 O-O-O 20. c3 Qc5 21. Rd4 Qb6 22. Qh4 Nc5 23. Rhd1 Rxd4 24. Rxd4 Rd8 25. Qxh7 Rxd4 26. cxd4 Nd7 27. Qxf7 Qxd4 28. Bxe6 Qe3+ 29. Kc2 Qe2+ 30. Kc3 Qe3+ 31. Kc2 Qe2+ 32. Kc3 1/2-1/2

[Event "ChessOrg Schachfestival 2025"]
[Site "Bad Woerishofen Senioren-Open"]
[Date "2025.03.24"]
[Round "4.9"]
[White "Tolhuizen, Ludo"]
[Black "Weinwurm, Wolfgang"]
[Result "1/2-1/2"]
[Annotator "wempe"]
[WhiteElo "1926"]
[BlackElo "2032"]
[WhiteFideId "-1"]
[WhiteFideId "-1"]
[PlyCount "27"]
[GameId "2242305633973996"]
[EventDate "2025.03.21"]

1. d4 Nf6 2. Nf3 g6 3. Bf4 Bg7 4. e3 O-O 5. Be2 d6 6. h3 Nbd7 7. O-O b6 8. Nbd2 Bb7 9. c3 Ne4 10. Nxe4 Bxe4 11. Bg3 e5 12. Qa4 Bb7 13. dxe5 Nxe5 14. Nxe5 1/2-1/2

[Event "ChessOrg Schachfestival 2025"]
[Site "Bad Woerishofen Senioren-Open"]
[Date "2025.03.24"]
[Round "4.10"]
[White "Keller, Harald"]
[Black "Van Amerongen-Jansen, Peggy"]
[Result "0-1"]
[Annotator "wempe"]
[WhiteElo "2021"]
[BlackElo "1957"]
[WhiteFideId "-1"]
[WhiteFideId "-1"]
[PlyCount "58"]
[GameId "2242401069555852"]
[EventDate "2025.03.21"]

1. e4 c6 2. d4 d5 3. e5 c5 4. dxc5 e6 5. Be3 Nc6 6. Nf3 Nge7 7. c3 Nf5 8. Bd4 g5 9. h3 h5 10. Bd3 Bg7 11. Na3 a6 12. Nc2 Qe7 13. Qe2 Rg8 14. Ne3 Nxe3 15. Qxe3 Bf8 16. O-O-O Nxd4 17. cxd4 b6 18. cxb6 Rb8 19. Bc2 Bd7 20. Rd3 Bb5 21. Rd2 Rxb6 22. g4 h4 23. Qc3 Qb7 24. Qa5 Bc6 25. a3 Rxb2 26. Bd3 Rb6 27. Kd1 Rb1+ 28. Bxb1 Qxb1+ 29. Ke2 Bb5+ 0-1

[Event "ChessOrg Schachfestival 2025"]
[Site "Bad Woerishofen Senioren-Open"]
[Date "2025.03.24"]
[Round "4.11"]
[White "Scharrer, Udo"]
[Black "Okrajek, Alexander"]
[Result "1/2-1/2"]
[Annotator "wempe"]
[WhiteElo "2003"]
[BlackElo "2197"]
[WhiteFideId "-1"]
[WhiteFideId "-1"]
[PlyCount "61"]
[GameId "2242401641926838"]
[EventDate "2025.03.21"]

1. d4 c5 2. d5 e5 3. e4 d6 4. Bb5+ Nd7 5. a4 Ngf6 6. Nc3 Be7 7. Nf3 O-O 8. Nd2 Ne8 9. O-O Bg5 10. Nc4 Bxc1 11. Qxc1 a6 12. Bxd7 Bxd7 13. a5 Bb5 14. b3 Nf6 15. Re1 Bxc4 16. bxc4 Nd7 17. Qa3 g6 18. Rab1 Rb8 19. Rb2 Qc7 20. Reb1 f5 21. f3 f4 22. Nd1 Kf7 23. Qc3 Ke7 24. Rb3 g5 25. Nb2 Rg8 26. Na4 h5 27. Nb6 Nxb6 28. Rxb6 Kd7 29. Qb3 Kc8 30. h3 Rg7 31. Qa4 1/2-1/2

[Event "ChessOrg Schachfestival 2025"]
[Site "Bad Woerishofen Senioren-Open"]
[Date "2025.03.25"]
[Round "5.1"]
[White "Luciani, Carlo"]
[Black "Pirrot, Dieter"]
[Result "0-1"]
[Annotator "wempe"]
[WhiteElo "2149"]
[BlackElo "2311"]
[WhiteFideId "-1"]
[WhiteFideId "-1"]
[PlyCount "86"]
[GameId "2242652121055332"]
[EventDate "2025.03.21"]

1. e4 e6 2. d4 d5 3. Nd2 Nc6 4. Ngf3 Nf6 5. e5 Nd7 6. Be2 f6 7. exf6 Qxf6 8. Nf1 Bd6 9. Ne3 O-O 10. O-O Qg6 11. g3 e5 12. Nxd5 exd4 13. Nh4 Qe4 14. Bf3 Qe8 15. Nf4 g5 16. Bh5 Qe7 17. Nhg6 hxg6 18. Nxg6 Qg7 19. Nxf8 Nxf8 20. Bg4 Bxg4 21. Qxg4 Ne5 22. Qe4 g4 23. Qd5+ Qf7 24. Qxf7+ Kxf7 25. Kg2 Nfg6 26. h3 Bc5 27. hxg4 Nxg4 28. Bg5 N6e5 29. Bf4 Ng6 30. Bg5 Ke6 31. Rae1+ Kf5 32. Bd2 Bb6 33. Rh1 Kf6 34. Rh5 N4e5 35. Bg5+ Kg7 36. Bh6+ Kf6 37. Bg5+ Kf7 38. Rh7+ Kg8 39. Reh1 Rf8 40. Be7 Rf3 41. R7h6 Nxe7 42. Re6 N7c6 43. Rh5 d3 0-1